000
00309nam a22001337a 4500
020
_a
0789026481
082
_a
658 SCO
100
_a
SCOTT, Jonathan
245
_a
The concise handbook of management
260
_a
New york
_b
Haworth
_c
2005
300
_a
xix,258
_b
ill,
500
_a
includes index
942
_c
BK
999
_c
20485
_d
20485